Osobný profesionálny počítač PP 06 A 7 CV 130 698 - Technický popis

Salvato in:
Dettagli Bibliografici
Natura: Libro
Pubblicazione: Banská Bystrica : ZVT útvar OTS, 1988
Tags: Aggiungi Tag
Nessun Tag, puoi essere il primo ad aggiungerne!!

MARC

LEADER 00000nam a22000003a 4500
001 stu16623
005 20150408175911.3
008 ------s1988----cs----------------------d
040 |a STU  |b slo 
041 0
044 |a cs 
080 |a 681.326.32 
245 |a Osobný profesionálny počítač PP 06 A 7 CV 130 698 - Technický popis 
260 |a Banská Bystrica :  |b ZVT útvar OTS,  |c 1988 
300 |a 145 s 
996 |b CB995  |c C*B995  |l CCXIII  |s P  |a 0  |w stu16623_0001